00851nam a22002417a 450000500170000001000150001702000260003203500130005803700130007108200100008410000280009424500590012225000110018126000410019227000740023330000250030750000680033265000150040065000280041594200240044399900170046795201250048420140217115136.0 aENG-108566 c350.00a9788132113638 aEN-92099 bDBAD/PUB a070.4 aBurns, Lynette Sheridan aUnderstanding journalism / cby Lynette Sheridan Burns a2nd ed aNew Delhi bSAGE Publications,c2013 aB1/I-1 Mohan Cooperative Indl. Area, Mathura Road,bNew Delhie110044 axi, 177p.c25cm(pbk) a Includes bibliographical references (pages 168-173) and index. aJournalism aReporters and reporting 2ddccENmBURh070.4 c79658d79658 001040718NFICaDBADbDBADd2013-09-26eDBAD / PUBg350.00l0o070.4 BURpEN-92099r2013-09-26 00:00:00t1v350.00yEN